| 000 | 00564cam a2200193 4500500 | ||
|---|---|---|---|
| 005 | 20260329003651.0 | ||
| 041 | _afre | ||
| 042 | _adc | ||
| 100 | 1 | 0 |
_aPortevin, Catherine _eauthor |
| 245 | 0 | 0 | _aPendant que j’y pense / été 2016 |
| 260 | _c2016. | ||
| 500 | _a77 | ||
| 690 | _aCorps | ||
| 690 | _aÉric Fiat | ||
| 690 | _aEsprit | ||
| 690 | _aPudeur | ||
| 786 | 0 | _nPhilosophie magazine | 101 | 7 | 2016-07-01 | p. 75-75 | 1951-1787 | |
| 856 | 4 | 1 | _uhttps://shs.cairn.info/magazine-philosophie-magazine-2016-7-page-75?lang=fr&redirect-ssocas=7080 |
| 999 |
_c1826583 _d1826582 |
||